000 006410000a22001810004500
090 _aAR
_b00922
245 1 0 _aPopulation ecology of Goniosoma spelaeum, a cavernicolous harvestman from south-easter Brazil (<Arachnida: Opiliones: Gonyleptidae>)
650 1 4 _aInsectos
_992622
650 1 4 _aOpiliones
_993568
650 1 4 _aCavernas
_993465
650 1 4 _aEcología de poblaciones
_93557
651 4 _pBrasil
_992749
653 _fGonyleptidae
_gGoniosoma
_eGoniosoma spelaeum
_vOpiliones
041 0 _aInglés
100 1 _aGnaspini, Pedro
_994106
942 _cARTICULO
773 1 _tJournal Zoological Society of London
_3175
_q417-435
_d1996
_g239
999 _c10010
_d10010